00000000cam 2200000zi 4500
0019.952494
003CaOODSP
00520260108083801
006m     o  d f      
007cr |n|||||||||
008250619e198710uuxxca    obt  f|0| 0 eng d
040 |aCaOODSP|beng|erda|cCaOODSP
043 |an-cn---
0861 |aD68-25/15-1987E-PDF
1001 |aArmstrong, J. W., |eauthor.
24510|aIntroduction of the Model 190A aircrew helmet and MBU 12/P oxygen mask to the Canadian Forces service / |cJ.W. Armstrong.
264 1|aDownsview, Ontario : |bDefence Civil Institute of Environmental Medicine, Department of National Defence - Canada, |cOctober 1987.
300 |a1 online resource (vii, 41 pages) : |billustrations
336 |atext|btxt|2rdacontent
337 |acomputer|bc|2rdamedia
338 |aonline resource|bcr|2rdacarrier
4901 |aDCIEM technical report ; |vNo. 87-TR-50
500 |aDigitized edition from print [produced by Defence Research and Development Canada].
504 |aIncludes bibliographical references (pages 18-20).
520 |a"In 1982 the CF decided to adopt the Model 190 aircrew helmet and P/Q oxygen mask with wire suspension system for use by aircrew in the air combat manoeuvering (ACM) role. Numerous difficulties were encountered during their introduction into service. The resolution of these difficulties required substantial modifications to the helmet, consequently redesignated the Model 190A, and replacement of the P/Q mask with the MBU 12/P. This report details the complex history of the related events to date. It is intended to be a reference document for personnel involved in the use or support of this equipment and perhaps also in efforts to evaluate and bring into service other types of Aviation Life Support Equipment"--Abstract, page v.
650 0|aAeronautics|xSafety measures.
650 0|aFlying helmets|zCanada|xEvaluation.
650 6|aAéronautique|xSécurité|xMesures.
650 6|aCasques d'aviateur|zCanada|xÉvaluation.
7102 |aDefence and Civil Institute of Environmental Medicine (Canada), |eissuing body.
7101 |aCanada. |bDepartment of National Defence, |eissuing body.
830#0|aDCIEM technical report ;|vNo. 87-TR-50.|w(CaOODSP)9.943618
85640|qPDF|s12.10 MB|uhttps://publications.gc.ca/collections/collection_2025/rddc-drdc/D68-25-15-1987-eng.pdf